Tretie celoštátne kolokvium mladých archeológov

Bibliographic Details
Main Authors: Kuzmová, Klára, 1955-2022 (Author), Vlkolinská, Ivona (Author)
Format: Article
Language:Slovak
PhysicalDescription:Fot. 1.
Subjects:

MARC

LEADER 00000nab a2200000 a 4500
001 vtls000405649
003 SK-MaSNL
005 20260304010548.0
008 140630c1990 xo 0 slo
015 |a SNBRB19rr/mm-uuuuu 
035 |a CL0405773 
040 |a SNKBUCL  |b slo  |c SNKBUCL  |e AACR2 
041 0 |a slo 
044 |a xo  |c SK 
080 |a 902:061.3  |2 1981 
080 |a 061.3  |2 1981 
100 1 |a Kuzmová, Klára,  |d 1955-2022  |4 aut  |9 6388 
245 1 0 |a Tretie celoštátne kolokvium mladých archeológov  |c Klára Kuzmová, Ivona Vlkolinská 
300 |b Fot. 1. 
650 0 7 |a archeológovia  |2 snkbucl  |9 58076 
655 7 |a články z novín a časopisov  |2 snkbucl  |9 267496 
700 1 |a Vlkolinská, Ivona  |4 aut  |9 8846 
773 0 |t Slovenská archeológia  |g Roč. 38, č. 1 (1990), s. 216-218 
850 |a Slovenská národná knižnica v Martine  |a MTA001 
852 |a SNK  |b KIS3GCP 
957 |a 5207 
958 |a RK 
992 |a RBX 
999 |c 2561536  |d 2563466